000 00304nam a22001337a 4500
008 171011b xxu||||| |||| 00| 0 eng d
020 _a1557989117
041 _aeng
080 _a316
100 _a50
101 _aSOC
245 _aPREVENTING VIOLENCES IN RELATIONSHIPS
_cSCHEWE.P.A
942 _2udc
_cBK
999 _c33071
_d33071